| 000 | 00593nam a2200181 a 4500 | ||
|---|---|---|---|
| 001 | 000041720 | ||
| 005 | 20201002035722.0 | ||
| 008 | 131016s1981 mx a 000 0 spa d | ||
| 040 |
_aDO-SdBNP _bspa _cBNPHU |
||
| 082 |
_axxx _bxxx |
||
| 100 | 1 |
_aDick, Bernard F. _968545 |
|
| 240 | 1 | 0 |
_aAnatomy of film. _linglés |
| 245 | 1 | 0 |
_aAnatomia del film / _cBernard F. Dick. ; traducción al español de María Elisa Moreno. |
| 260 |
_aMéxico, D. F. _aNoema, _c1981. |
||
| 300 |
_a183 p. : _bil., retrs. ; _c21 cm. |
||
| 504 | _aBibliografía : p. 166-170 | ||
| 700 | 1 |
_aMoreno, María Elisa _etr. _968546 |
|
| 999 |
_c41209 _d41209 |
||